الطرق الحكمية في السياسة الشرعية أو الفراسة المرضية في أحكام السياسة الشرعية / (رقم التسجيلة. 52546)

تفاصيل مارك
000 -LEADER
fixed length control field 00682nam a22001697a 4500
005 - DATE AND TIME OF LATEST TRANSACTION
control field 20251108170933.0
008 - FIXED-LENGTH DATA ELEMENTS--GENERAL INFORMATION
fixed length control field 250721s9999 xx 000 0 ara d
082 14 - DEWEY DECIMAL CLASSIFICATION NUMBER
Classification number 216.9/قيم
100 1# - MAIN ENTRY--PERSONAL NAME
Personal name إبن قيم الجوزيه، أبو عبد الله محمد بن أبي الزرعي
245 10 - TITLE STATEMENT
Title الطرق الحكمية في السياسة الشرعية أو الفراسة المرضية في أحكام السياسة الشرعية /
264 1# - PRODUCTION, PUBLICATION, DISTRIBUTION, MANUFACTURE, AND COPYRIGHT NOTICE
Place of production, publication, distribution, manufacture بيروت :
Name of producer, publisher, distributor, manufacturer دار الكتب العلمية،
Date of production, publication, distribution, manufacture, or copyright notice [19-].
300 ## - PHYSICAL DESCRIPTION
Extent 328ص
650 17 - SUBJECT ADDED ENTRY--TOPICAL TERM
Topical term or geographic name as entry element الأحكام السلطانية
700 1# - ADDED ENTRY--PERSONAL NAME
Personal name الفقي، محمد حامد
Relator term تحقيق
942 ## - ADDED ENTRY ELEMENTS (KOHA)
Source of classification or shelving scheme Dewey Decimal Classification
Koha item type كتب
المقتنيات
حالة السحب حالة الفقدان مصدر التصنيف حالة التلف غير قابل للإعارة المكتبة الرئيسية المكتبة الحالية موقع الرف تاريخ التزويد الرقم المتسلسل Total Checkouts رقم الإستدعاء تاريخ آخر ظهور تاريخ الفاتورة نوع المادة (كوها)
    Dewey Decimal Classification Unchecked   مكتبة حمزة العامة مكتبة حمزة العامة الإعارة 06/07/2004 955   216.9/قيم 28/07/2025 06/07/2004 كتب
Implemented & Customized by: BBB with SCIT (Smart Chains for Information Technology)

Powered by Koha